| 000 | 00409 a2200145 4500 | ||
|---|---|---|---|
| 005 | 20250625102907.0 | ||
| 020 | _a0-13-022270-4 | ||
| 082 | _a808.042 REI | ||
| 100 | _aREID, S. | ||
| 245 | _aThe prentice Hall Guide For Student Writers | ||
| 260 |
_aCanada, _bPrentice-Hall Canada Inc, _c2002. |
||
| 300 |
_axviii,; 526p.; ill,; picture, _bIndex, _c23cm. |
||
| 700 | _aGOSSIN, E. STANCER, S. | ||
| 942 |
_2ddc _cBKS |
||
| 999 |
_c5006 _d5006 |
||